[Event "Challenge"]
[Site "http://www.queenalice.com/game.php?id=828284"]
[Date "2010.9.5"]
[Round "-"]
[White "hanchucrut"]
[Black "tio_revas"]
[Result "1-0"]
[WhiteElo "1735"]
[BlackElo "1405"]

1. e4 e6 2. Nf3 Nc6 3. d4 Nb4 4. Bc4 d5 5. exd5 Nf6 6. Nc3 h6 7. Ne5 exd5 8.
Nxd5 Nbxd5 9. Qe2 Qe7 10. O-O Bg4 11. Qd2 Ne4 12. Qd3 f6 13. Qxe4 fxe5 14. Qxg4
Qb4 15. Bxd5 Qxd4 16. Qe6+ Be7 17. Bf4 exf4 18. Rfe1 Qc5 19. Rad1 c6 20. Qf7+
Kd8 21. Bb3+ Kc8 22. Rxe7 Qb6 23. Qe6+ Kb8 24. Qd6+ 1-0

[Event "Challenge"]
[Site "http://www.queenalice.com/game.php?id=828285"]
[Date "2010.9.5"]
[Round "-"]
[White "hanchucrut"]
[Black "Rubenscb"]
[Result "1-0"]
[WhiteElo "1650"]
[BlackElo "1310"]

1. e4 e5 2. Nf3 Nc6 3. Nc3 Nf6 4. Bc4 Bb4 5. d3 O-O 6. O-O Bxc3 7. bxc3 d6 8. d4
Bg4 9. Bg5 b5 10. Bxb5 Bxf3 11. Qxf3 Nxd4 12. cxd4 exd4 13. Bd3 Rb8 14. e5 dxe5
15. Qg3 h6 16. Bxh6 Nh5 17. Qg4 Qf6 18. Qe4 Qg6 19. Qxg6 fxg6 20. Bd2 1-0

[Event "Challenge"]
[Site "http://www.queenalice.com/game.php?id=828301"]
[Date "2010.9.5"]
[Round "-"]
[White "hanchucrut"]
[Black "jamesxirb"]
[Result "1-0"]
[WhiteElo "1682"]
[BlackElo "1338"]

1. e4 d5 2. exd5 Qxd5 3. Nf3 e5 4. Nc3 Qd6 5. Bc4 Be7 6. h3 c5 7. d3 Be6 8. Bxe6
Qxe6 9. O-O a6 10. Ng5 Qf6 11. Nd5 Qf5 12. Nc7+ Kd8 13. Nxa8 Nc6 14. Qh5 Nh6 15.
c3 Qxd3 16. Rd1 g6 17. Rxd3+ Kc8 18. Qxh6 Bf8 19. Qh4 Kb8 20. Nxf7 Be7 21. Qg4
Rf8 22. Qd7 Rxf7 23. Qe8+ Ka7 24. Qxf7 e4 25. Re3 Kxa8 26. Rxe4 h5 27. Rxe7 Nxe7
28. Qxe7 c4 29. Be3 Kb8 30. Qd8# 1-0

[Event "Challenge"]
[Site "http://www.queenalice.com/game.php?id=834729"]
[Date "2010.9.18"]
[Round "-"]
[White "Fauquinelle"]
[Black "hanchucrut"]
[Result "1-0"]
[WhiteElo "1801"]
[BlackElo "1691"]

1. e4 g6 2. d4 d6 3. Nc3 Nf6 4. f4 Nc6 5. Bb5 Bg7 6. Bxc6+ bxc6 7. h3 c5 8. dxc5
Bb7 9. cxd6 cxd6 10. Nf3 O-O 11. Qd3 Qb6 12. Be3 1-0

[Event "Challenge"]
[Site "http://www.queenalice.com/game.php?id=838338"]
[Date "2010.9.26"]
[Round "-"]
[White "beejay"]
[Black "hanchucrut"]
[Result "0-1"]
[WhiteElo "1684"]
[BlackElo "1756"]

1. e4 e5 2. Nf3 Nc6 3. Bc4 Bc5 4. O-O Nf6 5. c3 d6 6. d4 exd4 7. Ng5 Ne5 8. Bb3
d5 9. cxd4 h6 10. Bxd5 Nxd5 11. Qh5 Bxd4 12. exd5 Qxd5 13. Bf4 g6 14. Qh4 Nd3
15. Nf3 g5 16. Qg3 gxf4 17. Qh4 Bxb2 18. Nc3 Bxc3 19. Rad1 b6 20. Qf6 Bxf6 0-1

[Event "Challenge"]
[Site "http://www.queenalice.com/game.php?id=838346"]
[Date "2010.9.26"]
[Round "-"]
[White "shiyamiya"]
[Black "hanchucrut"]
[Result "0-1"]
[WhiteElo "1886"]
[BlackElo "1705"]

1. c4 e5 2. Nc3 Nf6 3. e4 Bc5 4. Nf3 d6 5. h3 O-O 6. d4 exd4 7. Nxd4 Nc6 8. Nxc6
bxc6 9. Bd3 d5 10. O-O dxe4 11. Nxe4 Nxe4 12. Bxe4 Qh4 13. Bxc6 Rb8 14. Bd5 Bb7
15. Bxb7 Rxb7 0-1

[Event "Challenge"]
[Site "http://www.queenalice.com/game.php?id=838347"]
[Date "2010.9.26"]
[Round "-"]
[White "squarsh"]
[Black "hanchucrut"]
[Result "1-0"]
[WhiteElo "1820"]
[BlackElo "1763"]

1. e4 e5 2. Bc4 Nf6 3. Nc3 Bc5 4. f4 d6 5. Nf3 exf4 6. d4 Bb6 7. Bxf4 Ng4 8. Qd2
Nc6 9. O-O-O O-O 10. h3 Nf6 11. Bg5 Ba5 12. g4 h6 13. Bxh6 Re8 14. Qg5 1-0

[Event "Challenge"]
[Site "http://www.queenalice.com/game.php?id=838348"]
[Date "2010.9.26"]
[Round "-"]
[White "PawnOne"]
[Black "hanchucrut"]
[Result "1-0"]
[WhiteElo "1838"]
[BlackElo "1732"]

1. e4 e5 2. Nf3 Nc6 3. Bc4 Nf6 4. Nc3 Bc5 5. h3 a6 6. d3 h6 7. Qe2 d6 8. Be3
Bxe3 9. Qxe3 Qe7 10. O-O-O Be6 11. Nd5 Bxd5 12. Bxd5 Nxd5 13. exd5 Nd8 14. Kb1
c6 15. dxc6 Nxc6 16. Rhe1 O-O 17. Nd2 b5 18. Qe4 Rfe8 19. Qxc6 Rac8 20. Qxa6 Qd7
21. Ne4 Rc6 22. Qxb5 Qc7 23. f3 Rxc2 24. Qxe8+ Kh7 25. Rc1 1-0

[Event "Challenge"]
[Site "http://www.queenalice.com/game.php?id=838349"]
[Date "2010.9.26"]
[Round "-"]
[White "hanchucrut"]
[Black "mitsho"]
[Result "1-0"]
[WhiteElo "1740"]
[BlackElo "1619"]

1. e4 c5 2. c4 Nc6 3. Nf3 g6 4. Nc3 d6 5. h3 Bg7 6. Be2 Nf6 7. d3 O-O 8. O-O e6
9. Bf4 Nh5 10. Bh2 Nd4 11. Nxd4 Bxd4 12. Nb5 Bxb2 13. Bxd6 Re8 14. Rb1 Bd4 15.
Bxh5 gxh5 16. e5 Qg5 17. Nc7 1-0

[Event "Challenge"]
[Site "http://www.queenalice.com/game.php?id=838353"]
[Date "2010.9.26"]
[Round "-"]
[White "juanluciano"]
[Black "hanchucrut"]
[Result "1-0"]
[WhiteElo "1811"]
[BlackElo "1758"]

1. e4 e5 2. Nf3 Nc6 3. d4 exd4 4. Bc4 Nf6 5. e5 Ng4 6. Qe2 Qe7 7. Bf4 d6 8. exd6
Qxe2+ 9. Bxe2 Bxd6 10. Bxd6 cxd6 11. Na3 Nb4 12. Nxd4 Nf6 13. O-O O-O 14. c3 Nc6
15. Ndb5 Bf5 16. Rad1 Rad8 17. Nxd6 Bg6 18. Nac4 Ne4 19. Nxb7 Rxd1 20. Rxd1 Rb8
21. Nbd6 Nxd6 22. Nxd6 h6 23. Rd2 Bb1 24. Bc4 Ne5 25. Bb3 Bd3 26. f4 1-0

[Event "Challenge"]
[Site "http://www.queenalice.com/game.php?id=840996"]
[Date "2010.10.2"]
[Round "-"]
[White "hanchucrut"]
[Black "Rodrigo_Cruzeiro"]
[Result "1-0"]
[WhiteElo "1708"]
[BlackElo "1855"]

1. e4 e5 2. Nf3 Qf6 3. Bc4 Nc6 4. d3 h6 5. O-O Bc5 6. Nc3 a6 7. Nd5 Qd6 8. c3 b5
9. d4 Na5 10. dxc5 Qc6 11. Nxe5 Qb7 12. Qf3 f6 13. Qh5+ Kd8 14. Nf7+ 1-0

[Event "Challenge"]
[Site "http://www.queenalice.com/game.php?id=841027"]
[Date "2010.10.2"]
[Round "-"]
[White "RafaelCabral"]
[Black "hanchucrut"]
[Result "1-0"]
[WhiteElo "2062"]
[BlackElo "1774"]

1. e4 e5 2. Nf3 Nc6 3. Bc4 Nf6 4. O-O Bc5 5. d3 h6 6. Nc3 a6 7. a4 d6 8. h3 O-O
9. Be3 Qe7 10. Nh4 Ng4 11. Ng6 Qd8 12. hxg4 Ne7 13. Nxf8 Kxf8 14. Qf3 d5 15.
Nxd5 c6 16. Nxe7 Kxe7 17. Bxc5+ Kd7 18. Qxf7+ 1-0

[Event "Challenge"]
[Site "http://www.queenalice.com/game.php?id=841030"]
[Date "2010.10.2"]
[Round "-"]
[White "hanchucrut"]
[Black "vallef"]
[Result "0-1"]
[WhiteElo "1712"]
[BlackElo "1852"]

1. e4 e5 2. Nf3 Nc6 3. Bc4 h6 4. d3 d6 5. Nc3 a6 6. h3 Nf6 7. O-O b5 8. Bd5 Bb7
9. a3 Be7 10. Be3 Rb8 11. d4 O-O 12. Nh4 Nxd5 13. exd5 exd4 14. Bxd4 Bxh4 15.
dxc6 Bxc6 16. Qg4 Bf6 17. Rfe1 Bxd4 18. Qxd4 Qg5 19. g3 Qh5 20. h4 Qf3 21. Ne4
Rbe8 22. Qe3 Qg4 23. f3 Qg6 24. Rad1 d5 25. Rd4 dxe4 26. fxe4 Re5 27. Qd3 Rh5
28. e5 Rxh4 29. Rxh4 Qe6 30. b4 Bd5 0-1

[Event "Challenge"]
[Site "http://www.queenalice.com/game.php?id=841032"]
[Date "2010.10.2"]
[Round "-"]
[White "hanchucrut"]
[Black "Mateuzao_99"]
[Result "0-1"]
[WhiteElo "1728"]
[BlackElo "1726"]

1. e4 e5 2. Nf3 Nf6 3. Nc3 Nc6 4. Bc4 Be7 5. d3 d6 6. h3 Be6 7. O-O Bxc4 8. dxc4
Qd7 9. Be3 O-O-O 10. Qd2 Kb8 11. Rad1 h6 12. Nd5 g5 13. Nxf6 Bxf6 14. b4 g4 15.
hxg4 Qxg4 16. b5 Rdg8 17. Ne1 Qxe4 18. bxc6 Qxc6 19. Rb1 Qxc4 20. Qa5 a6 21. Rb4
Qc6 22. f3 h5 23. Nd3 h4 24. Kf2 Qxc2+ 25. Ke1 Rxg2 26. Rf2 Rg1+ 27. Rf1 Rxf1+
28. Kxf1 Qxd3+ 29. Kf2 h3 0-1

[Event "Challenge"]
[Site "http://www.queenalice.com/game.php?id=841033"]
[Date "2010.10.2"]
[Round "-"]
[White "hanchucrut"]
[Black "paco78"]
[Result "0-1"]
[WhiteElo "1701"]
[BlackElo "1823"]

1. e4 e5 2. Nf3 Nc6 3. Bc4 h6 4. Nc3 Bc5 5. d3 Qf6 6. Be3 Bd4 7. Nd5 Qd6 8. Nxd4
exd4 9. Bf4 Ne5 10. Bb3 c6 11. Nb4 Qxb4+ 12. Bd2 Qc5 13. Qe2 d6 14. c4 dxc3 15.
Bxc3 Ng4 16. O-O Qh5 17. h3 N8f6 18. Bxf6 Nxf6 19. Qe3 O-O 20. Rad1 Bg4 21. hxg4
Nxg4 22. Qg3 Rad8 23. Rfe1 b5 24. d4 a5 25. a4 bxa4 26. Bxa4 f5 27. f3 Nf6 28.
e5 Nd5 29. f4 Nb4 0-1

[Event "Challenge"]
[Site "http://www.queenalice.com/game.php?id=854970"]
[Date "2010.11.5"]
[Round "-"]
[White "Rodrigo_Cruzeiro"]
[Black "hanchucrut"]
[Result "1-0"]
[WhiteElo "1868"]
[BlackElo "1787"]

1. e4 e5 2. Nc3 Nf6 3. Qf3 Nc6 4. a3 Bc5 5. Nge2 O-O 6. Nd5 Nxd5 7. exd5 Nd4 8.
Nxd4 exd4 9. b4 Be7 10. Bc4 d6 11. Bb2 Bf6 12. O-O-O h6 13. h4 Re8 14. g4 Bxh4
15. Bxd4 Bg5 16. Rde1 c5 17. dxc6 bxc6 18. Qxf7+ 1-0

[Event "Challenge"]
[Site "http://www.queenalice.com/game.php?id=856706"]
[Date "2010.11.9"]
[Round "-"]
[White "hanchucrut"]
[Black "Omar"]
[Result "1-0"]
[WhiteElo "1768"]
[BlackElo "1734"]

1. e4 e5 2. Nf3 Nc6 3. Nc3 a6 4. Bc4 b5 5. Bb3 h6 6. d4 exd4 7. Nxd4 Nxd4 8.
Qxd4 Bb7 9. O-O Be7 10. Qxg7 Bf6 11. Qxf7# 1-0

[Event "Challenge"]
[Site "http://www.queenalice.com/game.php?id=857016"]
[Date "2010.11.9"]
[Round "-"]
[White "hanchucrut"]
[Black "Andrei_78"]
[Result "0-1"]
[WhiteElo "1771"]
[BlackElo "1665"]

1. e4 e5 2. Nf3 d6 3. Bc4 h6 4. d3 Nf6 5. Nc3 c6 6. h3 a6 7. d4 b5 8. Be2 exd4
9. Nxd4 Be7 10. O-O c5 11. Nf3 b4 12. Nd5 Nxe4 13. Bd3 Nf6 14. Nxf6+ Bxf6 0-1

[Event "Challenge"]
[Site "http://www.queenalice.com/game.php?id=857805"]
[Date "2010.11.11"]
[Round "-"]
[White "Andrei_78"]
[Black "hanchucrut"]
[Result "1-0"]
[WhiteElo "1685"]
[BlackElo "1748"]

1. e4 e5 2. Nf3 Nc6 3. d3 Nf6 4. h3 Bc5 5. a3 h6 6. b4 Be7 7. Bb2 O-O 8. Bxe5
Nxe5 9. Nxe5 d6 10. Nf3 c6 11. Be2 d5 12. exd5 cxd5 13. O-O Qd6 14. Nbd2 1-0